Intro (end of the world) - Ariana Grande (all lyrics) - Statistics

General Stats
  • This quiz has been taken 168 times
  • The average score is 110 of 145
Answer Stats
Answer % Correct
How
93%
the
92%
I
91%
can
90%
if
90%
If
90%
to
89%
in
88%
you
88%
you,
88%
(you)
88%
your
87%
and
86%
And
86%
that
85%
be
84%
I'm
84%
it
83%
relationship?
83%
right
83%
know
82%
tell
82%
shit?
81%
don't
80%
sun
80%
me
79%
Would
79%
for
77%
s'posed
77%
then
77%
Feel
75%
shine
75%
Baby,
74%
bones
74%
'bout
74%
five
74%
like
74%
weeks
74%
Aren't
73%
interaction
73%
care
72%
he
72%
on
72%
this
72%
mind,
71%
mind?
71%
still
71%
all
70%
lover?
70%
moon
70%
now
70%
really
70%
tonight
70%
truth
70%
(truth)
70%
Wonder
70%
make
69%
smiling
69%
thinkin'
68%
'bout
67%
ended
67%
one
67%
there?
67%
tomorrow
67%
want
67%
I'd
66%
rather
66%
refused
66%
been
65%
had
65%
he's
65%
am
64%
I've
64%
worse
62%
dark
61%
mine?
61%
went
61%
too
60%
judgin'
58%
than
57%
knows
56%
own
56%
inspirin'
47%
what's
47%
mm
46%
that's
35%
Uh
27%
No matching quizzes found
Score Distribution
Percent of People with Each Score
Percentile by Number Answered
Your Score History
You have not taken this quiz